000 00338nam a2200133Ia 4500
008 240624s9999 xx 000 0 und d
041 _aeng
082 _a332.63 CHA
100 _aCHACKO GEORGE
245 _aFINANCIAL INSTRUMENTS AND MARKETS A CASE
260 _c2006
_aNew Jersey
_bJohn Wiley and Sons
300 _a656 : p.
365 _c
999 _c15356
_d15356